00805nam a22002057a 4500999001700000003000900017008004100026040007100067082002000138100003200158245002400190300002700214505015800241650002900399650002100428650001500449942001600464945002000480952009900500 c12710d12710AR-CdUCM190410b ||||| |||| 00| 0 spa d aMUNICIPALIDAD PROVINCIAL DEL CUSCOcBIBLIOTECA MUNICIPAL DEL CUSCO a330.985 /bM79  aMorales Bermudez, Francisco aProyecto nacional / a42 páginas ;c18 cm. aContenido : Estimados compatriotas -- Momentos de las grandes decisiones -- Libre expresión a traves de la prensa socializada -- Errores parciales ...  aProyecto nacional930713 aSociales 928612 aPerú935 2ddccLIBROS arahd10/04/2019 002ddc4070aSCAbSCAcCARTd2019-04-10g10.00o330.985 / M79pSCA0002448r2019-04-10yLIBROS